Largest Cities in Asia Beginning With 'D' - Statistics

General Stats
  • This quiz has been taken 253 times
  • The average score is 11 of 18
Answer Stats
# Population Country Answer % Correct
1 33,400,000 India Delhi
99%
3 6,600,000 United Arab Emirates Dubai
99%
2 21,300,000 Bangladesh Dhaka
98%
7 2,450,000 Qatar Doha
97%
5 3,800,000 Syria Damascus
96%
18 1,070,000 Tajikistan Dushanbe
88%
13 1,430,000 Vietnam Da Nang
78%
6 2,750,000 South Korea Daegu
77%
4 5,150,000 China Dàlián
75%
10 1,650,000 Philippines Davao
74%
15 1,190,000 Indonesia Denpasar
63%
11 1,530,000 South Korea Daejeon
55%
17 1,090,000 Turkey Diyarbakir
37%
8 1,900,000 China Dàtóng
28%
12 1,440,000 India Dhanbad
23%
9 1,830,000 China Dàqìng
21%
14 1,260,000 China Dázhōu
9%
16 1,190,000 China Dézhōu
9%
No matching quizzes found
Score Distribution
Percent of People with Each Score
Percentile by Number Answered
Your Score History
You have not taken this quiz